00358nam a2200133Ia 4500008004100000041001200041082001100053100001900064245007400083260003300157300000900190650001000199700001500209221030s9999 xx 000 0 und d aEnglish a105.23 aA. Chakrabarti 2aA Textbook on Power System Engineeringcby A. Chakrabarti, M. L. Soni bDhanpat Rai PubaDelhic2006 a1015 aBB EE aM. L. Soni